| Registos Bibliográficos associados ao registo de autoridade |
|
Etiqueta de registo: 00254nam 2200025 450 001 2283418 003 http://id.bnportugal.gov.pt/bib/catbnp/2283418 021 ## $aPT$b555968/25 100 ## $a20260401d2025 m y0pory01030103ba 101 1# $apor$ceng 102 ## $aPT 105 ## $ay z 000yy 106 ## $ar 200 1# $aResignação infinita$fEugene Tacker$gtrad. Pedro Morais$gposf. Philipp Teuchmann 210 #9 $a[S.l.]$cBarco Bêbado,$d2025 215 ## $a303, [4] p.$d22 cm 304 ## $aTít. orig.: Infinite resignation 700 #1 $aThacker,$bEugene$31994495 702 #1 $94$aMorais,$bPedro$4730$31662049 702 #1 $aTeuchmann,$bPhilipp$4080$31994500 801 #0 $aPT$bBN$gRPC 966 ## $lBN$mFGMON$x1 966 ## $lBN$mFGMON$x1 971 ## $cabrito$d20260401
|
|
|